Loading...
| Beliefs | 13 | 17.69 | 100% | 46% | 31% |
| Fine Arts - Classical Music and Opera | 11 | 20.91 | 100% | 91% | 18% |
| Fine Arts - Other Arts | 8 | 15.00 | 100% | 38% | 13% |
| Geography | 1 | 10.00 | 100% | 0% | 0% |
| History - American | 8 | 16.25 | 100% | 50% | 13% |
| History - Ancient | 11 | 20.00 | 100% | 91% | 9% |
| History - European | 6 | 15.00 | 100% | 33% | 17% |
| History - World | 6 | 20.00 | 100% | 67% | 33% |
| Literature - American | 4 | 22.50 | 100% | 100% | 25% |
| Literature - British | 10 | 24.00 | 100% | 100% | 40% |
| Literature - European | 9 | 21.11 | 100% | 100% | 11% |
| Literature - World | 11 | 21.82 | 100% | 82% | 36% |
| Modern World | 4 | 22.50 | 100% | 75% | 50% |
| Other Academic | 3 | 20.00 | 100% | 100% | 0% |
| Philosophy | 9 | 20.00 | 100% | 78% | 22% |
| Science - Biology | 12 | 16.67 | 83% | 75% | 8% |
| Science - Chemistry | 8 | 13.75 | 88% | 50% | 0% |
| Science - Other | 9 | 12.22 | 89% | 33% | 0% |
| Science - Physics | 5 | 18.00 | 100% | 80% | 0% |
| Social Science | 16 | 15.00 | 88% | 56% | 6% |
| Visual Arts | 9 | 16.67 | 100% | 67% | 0% |